000 00314nam a22001337a 4500
008 210225b ||||| |||| 00| 0 eng d
020 _a978032161337
041 _aeng
080 _24th
_a510
100 _a36
101 _aMAT
245 _aIntroductory and Intermediate Algebra
_cBittinger,L.M
942 _2udc
_cBK
999 _c55204
_d55204